| 000 | 006110000a22002050004500 | ||
|---|---|---|---|
| 001 | 32206 | ||
| 010 | _a978-5-17-002511-4 | ||
| 090 | _a32206 | ||
| 100 | _a20150408d2007 e y0pory5003 ba | ||
| 101 | 0 | _arus | |
| 102 | _aRU | ||
| 200 | 1 |
_a[Lady Macbeth de Mtsensk _fN.S. Leskov] |
|
| 210 |
_aMockßa _cACT _d2007 |
||
| 215 | _a251, [1] p. | ||
| 541 | 1 | _aLady Macbeth de Mtsensk | |
| 675 |
_a821.161.1-312.6 _vBN _zpor |
||
| 675 |
_a087.5-053.6 _vBN _zpor |
||
| 700 | 1 |
_aLeskov _bNikolai _f1831-1895 |
|
| 942 |
_cMON _n0 |
||
| 999 |
_a32206 _bBibliobase - BMTAV _c2019-01-21 |
||